Introduction to quantum mechanics

The author avoids the temptation to include every possible relevant topic, instead presenting students with material that they can easily focus on in a complete treatment with few distractions and diversions. Fundamental principles are covered, quantum theory is presented, and special techniques are...

ver descrição completa

Na minha lista:
Detalhes bibliográficos
Autor principal: Griffiths, David J.
Formato: Livro
Idioma:Undetermined
Publicado em: New Jersey Pearson 1995
Assuntos:
Tags: Adicionar Tag
Sem tags, seja o primeiro a adicionar uma tag!
Thư viện lưu trữ: Trung tâm Học liệu Trường Đại học Cần Thơ
LEADER 01130nam a2200217Ia 4500
001 CTU_230459
008 210402s9999 xx 000 0 und d
082 |a 530.12 
082 |b G855 
100 |a Griffiths, David J. 
245 0 |a Introduction to quantum mechanics 
245 0 |c David J. Griffiths 
260 |a New Jersey 
260 |b Pearson 
260 |c 1995 
520 |a The author avoids the temptation to include every possible relevant topic, instead presenting students with material that they can easily focus on in a complete treatment with few distractions and diversions. Fundamental principles are covered, quantum theory is presented, and special techniques are developed for attacking realistic problems. The innovative two-part coverage is entertaining and informative, organizing topics under basic theory and assembling an arsenal of approximation schemes with illustrative applications linked closely to the text. 
526 |a Cơ học lượng tử 
526 |b TN668 
650 |a Mechanics,Quantum theory 
904 |i Nguyên 
980 |a Trung tâm Học liệu Trường Đại học Cần Thơ